| 000 | 01155nam a22003377a 4500 | ||
|---|---|---|---|
| 001 | 000024991 | ||
| 003 | DO-SdBPM | ||
| 005 | 20251118074142.0 | ||
| 007 | ta | ||
| 008 | 160609b2006 sp a | |||| 00| 0 spa d | ||
| 020 | _a9788408067559 | ||
| 040 |
_aDO-SdBPM _bspa _cBPMSU _erda |
||
| 041 | 1 | _aspa | |
| 082 | 4 |
_a853.91 _b S857q 2006 _222 |
|
| 100 | 1 |
_aStilton, Gerónimo. _eautor _4aut. |
|
| 245 | 1 | 0 |
_aQué vacaciones tan superratónicas! / _cGeronimo Stilton ; ilustraciones de Larry Keys y Miss Hoops. |
| 264 |
_aBarcelona : _bDestino, _c2006 |
||
| 300 |
_a116 págians : _bilustraciones ; _c20 cm. |
||
| 336 |
_atexto _btxt _2rdacontent |
||
| 337 |
_asin mediación _bnc _2rdamedia |
||
| 338 |
_avolumen _bnc _2rdacarrier |
||
| 490 | 0 |
_aHumor y viajes, _v24 |
|
| 534 |
_pTítulo original: _t Quella stratopica vacanza alla pensione Mirasorci ... |
||
| 650 | 7 | _aCuentos infantiles italianos | | |
| 650 | 7 |
_a Ratones _vCuentos infantiles |
|
| 700 | 1 |
_aKeys, Larry, _eilustraciones |
|
| 700 | 1 |
_aManzano, Manuel, _etraductor |
|
| 700 | 1 |
_aHoops, Miss, _eilustraciones |
|
| 910 | _aVMateo V. Control de caldiada | ||
| 942 |
_2ddc _cBK |
||
| 999 |
_c10342 _d10342 |
||